Normal view
MARC view
- General Packet Radio Service
Entry Topical Term
001 - CONTROL NUMBER
- control field: 55614
003 - CONTROL NUMBER IDENTIFIER
- control field: NUST
005 - DATE AND TIME OF LATEST TRANSACTION
- control field: 20210628201520.0
008 - FIXED-LENGTH DATA ELEMENTS
- fixed length control field: 210628|| aca||aabn | a|a d
040 ## - CATALOGING SOURCE
- Original cataloging agency: NUST
- Transcribing agency: NUST
150 ## - HEADING--TOPICAL TERM
- Topical term or geographic name entry element: General Packet Radio Service
670 ## - SOURCE DATA FOUND
- Source citation: Work cat.: (NUST): Hoffman, John, GPRS demystified, c2003.
